Obvody řady 8051. (technický popis) /

Na minha lista:
Detalhes bibliográficos
Main Authors: Pražma, Vojtěch (Author), Reznák, Miroslav (Author)
Formato: Livro
Idioma:tcheco
Publicado em: Praha : ČSVTS, 1989
Tags: Adicionar Tag
Sem tags, seja o primeiro a adicionar uma tag!

MARC

LEADER 00000nam a22000003a 4500
001 stu32050
005 20150617225732.1
008 950308s1989----cs------------------cze-d
020 |a 80-02-994-74-X 
040 |a STU  |b slo 
041 0 |a cze 
044 |a cs 
080 |a 681.3 
100 1 |a Pražma, Vojtěch  |4 aut 
245 1 |a Obvody řady 8051. (technický popis) /  |c [aut.] Pražma,Vojtěch; Reznák,Miroslav 
260 |a Praha :  |b ČSVTS,  |c 1989 
300 |a 195 s 
700 1 |a Reznák, Miroslav  |4 aut 
996 |b J88302  |c J*88302  |l JJSK  |s A  |a 24  |w stu32050_0001